00417ntaaa2200157 45000030003000000050017000030080021000200400037000410820017000781000017000952450029001122500010001412600076001513000009002277000023002360120251027202834.00714s1973 ag 01  aAR-BaBNbspacAR-BaBNeaacrdRIC a268.6300 B55 aBixet, Elsa  aEducación audio-visual a1 ed. aBuenos Aires : bJunta de Educación Cristiana y Publicaciones, c1949 a32 p aDeulofeu, Rubén